000 00715nam a2200169Ia 4500
008 090711s9999 xx 000 0 und d
082 _b57042
100 _aसाठवणे पां. आ.
245 _aनिसर्गोपSाार ( प्राउाgऎतिक िSाकित्सा ) भा 3
260 _c1982
300 _a36
600 _aसाठवणे पां. आ.
630 _aनिसर्गोपSाार ( प्राउाgऎतिक िSाकित्सा ) भा 3
700 _aसाठवणे पां. आ.
730 _aनिसर्गोपSाार ( प्राउाgऎतिक िSाकित्सा ) भा 3
942 _cBOOK
999 _c312034
_d312034